000 00701nam a2200241Ia 4500
005 20240307114813.0
008 131103s9999 xx 000 0 und d
020 _cGBP 2.95
040 _aLoreto College
041 _aEnglish
082 _a371.4
_bCRA
245 _aResearch and the School Counselor,
_cStanley H.Cramer
260 _aBoston
_bHoughton Mifflin Company
_c1970
300 _axvi,202 p.
_b ill.,fig.,tables
504 _aIncludes references and index
630 _aEducational Guidance
630 _aStudent Guidance and Counselling
650 _aGuidance
651 _aSchools and their activities
700 _aCramer,Stanley H.,auth.
850 _aLCLIB
942 _cBK
999 _c3014
_d53493